[Event "Nordic-ch U17"]
[Site "Fredericia"]
[Date "2020.02.15"]
[Round "3"]
[White "Stage Steffensen, Sander"]
[Black "Aalto, Patrik"]
[Result "1-0"]
[WhiteElo "2105"]
[BlackElo "2080"]
[PlyCount "79"]
[EventDate "2020.02.14"]
[EventType "swiss"]
[EventRounds "6"]
[EventCountry "DEN"]
[SourceTitle "EXT 2021"]
[Source "ChessBase"]
[SourceDate "2020.10.23"]
[SourceVersion "1"]
[SourceVersionDate "2020.10.23"]
[SourceQuality "1"]

1. e4 c5 2. Nf3 a6 3. d4 cxd4 4. Nxd4 Nf6 5. Nc3 e5 6. Nf3 Bb4 7. Qd3 Qc7 8. Bd2 d6 9. 0-0-0 Be6 10. a3 Ba5 11. Ng5 Nbd7 12. Be1 Ke7 13. g3 h6 14. Nxe6 fxe6 15. Bg2 Rac8 16. Bh3 Nc5 17. Qc4 b5 18. Qa2 b4 19. axb4 Bxb4 20. Kb1 Bxc3 21. Bxc3 Nfxe4 22. Bb4 Rb8 23. c3 Ng5 24. Bg4 h5 25. Be2 Qc6 26. f4 Nf7 27. Bc4 Rhe8 28. Rhe1 Kf8 29. f5 Nd8 30. fxe6 Ndxe6 31. Rf1+ Kg8 32. Bxc5 dxc5 33. Bd5 Qb6 34. Rf5 Qd6 35. Re1 Rb6 36. Rfxe5 Kf7 37. Rxe6 Rxe6 38. Rxe6 Qxe6 39. Bxe6+ Rxe6 40. Qd5 1-0

[Event "Helsingor Xtracon op"]
[Site "Helsingor"]
[Date "2018.07.27"]
[Round "8"]
[White "Stage Steffensen, Sander"]
[Black "Christensen, Benny1111"]
[Result "1-0"]
[WhiteElo "1928"]
[BlackElo "1754"]
[PlyCount "51"]
[EventDate "2018.07.21"]
[EventType "swiss"]
[EventRounds "10"]
[EventCountry "DEN"]
[SourceTitle "CBM 185 Extra"]
[Source "ChessBase"]
[SourceDate "2018.07.29"]
[SourceVersion "1"]
[SourceVersionDate "2018.07.29"]
[SourceQuality "1"]

1. e4 c5 2. Nf3 d6 3. d4 cxd4 4. Nxd4 Nf6 5. Nc3 a6 6. Bg5 e6 7. f4 Be7 8. Qf3 Qb6 9. Nb3 Nc6 10. 0-0-0 0-0 11. g4 Na5 12. Kb1 Nxb3 13. axb3 Qc6 14. Bd3 b5 15. Qh3 e5 16. Nd5 Qb7 17. Qh4 Re8 18. Bxf6 gxf6 19. f5 a5 20. Rhg1 Kh8 21. Rg3 Rg8 22. Nxf6 Bxf6 23. Qxf6+ Rg7 24. h4 Bd7 25. h5 h6 26. Qxh6+ 1-0

[Event "Helsingor Xtracon op"]
[Site "Helsingor"]
[Date "2018.07.25"]
[Round "6"]
[White "Stage Steffensen, Sander"]
[Black "Hafstad, Leif"]
[Result "1/2-1/2"]
[WhiteElo "1928"]
[BlackElo "1817"]
[PlyCount "44"]
[EventDate "2018.07.21"]
[EventType "swiss"]
[EventRounds "10"]
[EventCountry "DEN"]
[SourceTitle "CBM 185 Extra"]
[Source "ChessBase"]
[SourceDate "2018.07.29"]
[SourceVersion "1"]
[SourceVersionDate "2018.07.29"]
[SourceQuality "1"]

1. e4 e6 2. d3 d5 3. Nd2 c5 4. Ngf3 Nc6 5. g3 g6 6. Bg2 Bg7 7. 0-0 Nge7 8. Re1 0-0 9. Rb1 b5 10. a3 a5 11. Qe2 d4 12. e5 Nd5 13. Ne4 Nxe5 14. Nxe5 Bxe5 15. Nxc5 Bg7 16. h4 Ra7 17. Ne4 Rc7 18. Bg5 f6 19. Bc1 e5 20. c4 bxc4 21. dxc4 Ba6 22. b3 Ne7 1/2-1/2

[Event "Helsingor Xtracon op"]
[Site "Helsingor"]
[Date "2018.07.23"]
[Round "4"]
[White "Stage Steffensen, Sander"]
[Black "Weber, Samuel"]
[Result "1/2-1/2"]
[WhiteElo "1928"]
[BlackElo "2197"]
[PlyCount "70"]
[EventDate "2018.07.21"]
[EventType "swiss"]
[EventRounds "10"]
[EventCountry "DEN"]
[SourceTitle "CBM 185 Extra"]
[Source "ChessBase"]
[SourceDate "2018.07.29"]
[SourceVersion "1"]
[SourceVersionDate "2018.07.29"]
[SourceQuality "1"]

1. e4 e5 2. Nf3 Nc6 3. Bc4 Bc5 4. c3 Nf6 5. d3 0-0 6. 0-0 d5 7. exd5 Nxd5 8. Nbd2 Nb6 9. Bb5 Bd6 10. Nc4 f6 11. Nxb6 axb6 12. Nd2 Ne7 13. Ne4 Be6 14. Ba4 h6 15. Bb3 Bxb3 16. Qxb3+ Kh7 17. Qe6 f5 18. Nxd6 Qxd6 19. Qxd6 cxd6 20. Bd2 Nc6 21. a3 d5 22. f3 g5 23. Rf2 Kg6 24. Re1 Rfe8 25. Rfe2 f4 26. g4 Kf6 27. Bc1 Re6 28. b4 b5 29. Bb2 Rd8 30. d4 Rde8 31. dxe5+ Nxe5 32. c4 bxc4 33. Bd4 b5 34. Kf2 R8e7 35. h3 Re8 1/2-1/2

[Event "Bronshoj Lang Weekend"]
[Site "Copenhagen"]
[Date "2018.02.18"]
[Round "7"]
[White "Stage Steffensen, Sander"]
[Black "Mouritsen, Jan"]
[Result "1-0"]
[WhiteElo "1913"]
[BlackElo "1924"]
[PlyCount "123"]
[EventDate "2018.02.15"]
[EventType "swiss"]
[EventRounds "7"]
[EventCountry "DEN"]
[SourceTitle "CBM 183 Extra"]
[Source "ChessBase"]
[SourceDate "2018.04.19"]
[SourceVersion "1"]
[SourceVersionDate "2018.04.19"]
[SourceQuality "1"]

1. e4 g6 2. d4 Bg7 3. Nf3 d6 4. Be3 Nf6 5. Bd3 0-0 6. h3 Nbd7 7. 0-0 c6 8. Qd2 b5 9. Bh6 Bb7 10. Qg5 e6 11. Bxg7 Kxg7 12. Nbd2 h6 13. Qe3 a6 14. b3 e5 15. dxe5 dxe5 16. b4 Qe7 17. a3 c5 18. c3 c4 19. Bc2 Nh5 20. Rfe1 Nf4 21. Rad1 Nf6 22. Kh2 Rad8 23. Nf1 Bc8 24. Qc5 Qxc5 25. bxc5 Nd7 26. g3 Ne6 27. c6 Ndc5 28. Nxe5 Ng5 29. Rxd8 Rxd8 30. h4 f6 31. hxg5 fxe5 32. gxh6+ Kxh6 33. Ne3 Kg5 34. Nd5 Rf8 35. Kg2 Ne6 36. Rh1 Re8 37. Rh7 Rf8 38. a4 Re8 39. Rh1 Rf8 40. f3 Re8 41. Rb1 bxa4 42. Bxa4 Nc5 43. Bc2 Kh6 44. Kf2 Be6 45. Nc7 Rc8 46. Nxe6 Nxe6 47. Rb6 Nc5 48. Ke3 a5 49. f4 a4 50. fxe5 a3 51. Bb1 Na4 52. Ra6 Nxc3 53. Bc2 a2 54. Kd4 Ne2+ 55. Kd5 Nc3+ 56. Kd6 Rb8 57. c7 Rb6+ 58. Rxb6 a1Q 59. c8Q Qa3+ 60. Ke6 Ne2 61. Qh8+ Kg5 62. Qh4# 1-0

[Event "Bronshoj Lang Weekend"]
[Site "Copenhagen"]
[Date "2018.02.15"]
[Round "1"]
[White "Thorsbro, Peter"]
[Black "Stage Steffensen, Sander"]
[Result "1-0"]
[WhiteElo "2156"]
[BlackElo "1913"]
[PlyCount "75"]
[EventDate "2018.02.15"]
[EventType "swiss"]
[EventRounds "7"]
[EventCountry "DEN"]
[SourceTitle "CBM 183 Extra"]
[Source "ChessBase"]
[SourceDate "2018.04.19"]
[SourceVersion "1"]
[SourceVersionDate "2018.04.19"]
[SourceQuality "1"]

1. d4 Nf6 2. c4 e6 3. Nc3 d5 4. cxd5 exd5 5. Bg5 Be7 6. e3 0-0 7. Bd3 c6 8. Qc2 Nbd7 9. Nge2 h6 10. Bh4 Re8 11. f3 Nh5 12. Bf2 Bh4 13. g3 Be7 14. g4 Nhf6 15. h4 Bf8 16. g5 Nh5 17. 0-0-0 g6 18. Rdg1 hxg5 19. hxg5 b5 20. Bxg6 fxg6 21. Qxg6+ Bg7 22. Qxc6 Nb6 23. Rxh5 b4 24. Qg6 bxc3 25. Rgh1 cxb2+ 26. Kxb2 Kf8 27. Rh8+ Ke7 28. Qxg7+ Kd6 29. R1h6+ Be6 30. Bg3+ Kc6 31. Rxe6+ Rxe6 32. Rxd8 Rxd8 33. Qc7+ Kb5 34. Nc3+ Ka6 35. Qxd8 Rxe3 36. Bc7 Nc4+ 37. Kb3 Na5+ 38. Bxa5 1-0

[Event "Nordic-ch U15"]
[Site "Heinola"]
[Date "2018.02.10"]
[Round "4"]
[White "Wartiovaara, Oliver"]
[Black "Stage Steffensen, Sander"]
[Result "1-0"]
[WhiteElo "2030"]
[BlackElo "1913"]
[PlyCount "79"]
[EventDate "2018.02.09"]
[EventType "swiss"]
[EventRounds "6"]
[EventCountry "FIN"]
[SourceTitle "EXT 2019"]
[Source "ChessBase"]
[SourceDate "2018.10.10"]
[SourceVersion "1"]
[SourceVersionDate "2018.10.10"]
[SourceQuality "1"]

1. d4 Nf6 2. Nf3 d5 3. c4 e6 4. g3 c6 5. Bg2 Bd6 6. 0-0 0-0 7. Nbd2 b6 8. Qc2 Nbd7 9. b3 Ba6 10. Re1 Rc8 11. e4 dxe4 12. Nxe4 Bb4 13. Nxf6+ Nxf6 14. Rd1 Be7 15. Ne5 Bb7 16. Bb2 Qc7 17. c5 Nd5 18. a3 Rfd8 19. Rac1 Bg5 20. Rb1 Be7 21. Be4 g6 22. h4 Nf6 23. Bf3 Nd7 24. Nd3 Bf8 25. Kg2 Bg7 26. b4 Nf6 27. Rh1 Nd5 28. Rbe1 Ne7 29. Ne5 Nf5 30. Qe4 Bxe5 31. dxe5 bxc5 32. g4 Ne7 33. bxc5 Qa5 34. Bc1 Qxc5 35. Be3 Qxa3 36. Ra1 Qd3 37. Qb4 Rd7 38. Rad1 Qxd1 39. Rxd1 Rxd1 40. Qxb7 1-0

[Event "Copenhagen Challenge"]
[Site "Ballerup"]
[Date "2017.05.10"]
[Round "1"]
[White "Hoi, Carsten"]
[Black "Stage Steffensen, Sander"]
[Result "1/2-1/2"]
[WhiteElo "2368"]
[BlackElo "1952"]
[PlyCount "72"]
[EventDate "2017.05.10"]
[EventType "swiss"]
[EventRounds "9"]
[EventCountry "DEN"]
[SourceTitle "CBM 178 Extra"]
[Source "ChessBase"]
[SourceDate "2017.06.22"]
[SourceVersion "1"]
[SourceVersionDate "2017.06.22"]
[SourceQuality "1"]

1. d4 Nf6 2. c4 e6 3. Nc3 d5 4. Bg5 Be7 5. e3 h6 6. Bxf6 Bxf6 7. Nf3 Nc6 8. Rc1 0-0 9. Bd3 Re8 10. 0-0 dxc4 11. Bxc4 e5 12. Qb3 Rf8 13. dxe5 Nxe5 14. Nxe5 Bxe5 15. Rcd1 Qe8 16. f4 Bxc3 17. Qxc3 Bg4 18. Rde1 Bf5 19. e4 Bd7 20. Rf3 Kh8 21. Rg3 f6 22. e5 Qe7 23. exf6 Qc5+ 24. Qe3 Qxe3+ 25. Rexe3 Rxf6 26. Re7 Rxf4 27. Rxd7 Rxc4 28. Rgxg7 Rc1+ 29. Kf2 Rc2+ 30. Ke3 Rxb2 31. Rh7+ Kg8 32. Rdg7+ Kf8 33. Rxc7 Rxg2 34. Rxb7 Kg8 35. Rxh6 Rxa2 36. Rhh7 a5 1/2-1/2

[Event "Copenhagen Bronshoj op"]
[Site "Copenhagen"]
[Date "2017.02.10"]
[Round "1"]
[White "Jacobsen, Mikkel Manosri"]
[Black "Stage Steffensen, Sander"]
[Result "1-0"]
[WhiteElo "2300"]
[BlackElo "1916"]
[PlyCount "89"]
[EventDate "2017.02.10"]
[EventType "swiss"]
[EventRounds "7"]
[EventCountry "DEN"]
[SourceTitle "CBM 176 Extra"]
[Source "ChessBase"]
[SourceDate "2017.03.02"]
[SourceVersion "1"]
[SourceVersionDate "2017.03.02"]
[SourceQuality "1"]

1. d4 Nf6 2. c4 c5 3. d5 b5 4. cxb5 a6 5. bxa6 Bxa6 6. Nc3 d6 7. g3 Nbd7 8. Bg2 g6 9. Nf3 Bg7 10. 0-0 0-0 11. Rb1 Qc7 12. Qc2 Nb6 13. Rd1 Rab8 14. b3 Ng4 15. Bd2 Nd7 16. h3 Nge5 17. Nh2 Nf6 18. f4 Ned7 19. e4 Nh5 20. Be1 Bd4+ 21. Kh1 Qa5 22. Ne2 Bxe2 23. Qxe2 Qb5 24. Qf3 f5 25. exf5 Rxf5 26. Qe4 Ndf6 27. Qe6+ Kf8 28. a4 Nxg3+ 29. Bxg3 Nh5 30. Qe1 Qb4 31. Bh4 Qxe1+ 32. Rxe1 Rxf4 33. Bxe7+ Kf7 34. Bf3 Be5 35. Bg5 Ng3+ 36. Kg2 Rfb4 37. Ng4 Nf5 38. Nxe5+ dxe5 39. d6 h6 40. Be7 Ke6 41. Be2 Ne3+ 42. Kf2 Rxb3 43. Rxb3 Rxb3 44. Rg1 g5 45. Rg3 1-0

[Event "Farum Fureso op"]
[Site "Farum"]
[Date "2016.09.23"]
[Round "1"]
[White "Stage Steffensen, Sander"]
[Black "Molgaard, Steen"]
[Result "1/2-1/2"]
[WhiteElo "1752"]
[BlackElo "1999"]
[PlyCount "59"]
[EventDate "2016.09.23"]
[EventType "swiss"]
[EventRounds "4"]
[EventCountry "DEN"]
[SourceTitle "EXT 2024"]
[Source "ChessBase"]
[SourceDate "2023.10.10"]
[SourceVersion "1"]
[SourceVersionDate "2023.10.10"]
[SourceQuality "1"]

1. e4 e6 2. d3 d5 3. Nd2 Nf6 4. Ngf3 c5 5. g3 Nc6 6. Bg2 Be7 7. 0-0 0-0 8. Re1 b6 9. e5 Nd7 10. Nf1 Re8 11. Bf4 Nf8 12. h4 Ba6 13. N1h2 Qc7 14. h5 Rac8 15. Ng4 Qd8 16. Qd2 f5 17. exf6 gxf6 18. Nh6+ Kg7 19. g4 Bd6 20. Bxd6 Qxd6 21. Nh4 Ne7 22. Re3 Qf4 23. N4f5+ Nxf5 24. Nxf5+ Kh8 25. Qe2 Bb5 26. Rf3 Qc7 27. Ng3 Qg7 28. Re3 Bc6 29. Qd1 d4 30. Bxc6 1/2-1/2

[Event "EU-ch U14 26th"]
[Site "Prague"]
[Date "2016.08.20"]
[Round "3"]
[White "Bystritskiy, Daniil"]
[Black "Stage Steffensen, Sander"]
[Result "1-0"]
[WhiteElo "1906"]
[BlackElo "1688"]
[PlyCount "63"]
[EventDate "2016.08.18"]
[EventType "swiss"]
[EventRounds "9"]
[EventCountry "CZE"]
[SourceTitle "CBM 174 Extra"]
[Source "ChessBase"]
[SourceDate "2016.10.10"]
[SourceVersion "1"]
[SourceVersionDate "2016.10.10"]
[SourceQuality "1"]

1. d4 d6 2. e4 Nf6 3. Nc3 Nbd7 4. Nf3 e5 5. Bc4 Be7 6. a4 c6 7. 0-0 Qc7 8. Be3 Ng4 9. Ng5 Bxg5 10. Bxg5 Ngf6 11. Kh1 h6 12. Bh4 g5 13. Bg3 Nf8 14. d5 Ng6 15. dxc6 bxc6 16. Qd2 Ke7 17. b4 Rb8 18. Rab1 Rd8 19. f3 Nf4 20. Bf2 Bd7 21. Rfd1 Be6 22. Bf1 d5 23. Bc5+ Ke8 24. exd5 N6xd5 25. Ne4 f5 26. Nd6+ Rxd6 27. Bxd6 Qxd6 28. c4 Rd8 29. b5 h5 30. bxc6 Qxc6 31. cxd5 Bxd5 32. Bb5 1-0

[Event "EU-ch U14 26th"]
[Site "Prague"]
[Date "2016.08.18"]
[Round "1"]
[White "Michaelides, Konstantinos"]
[Black "Stage Steffensen, Sander"]
[Result "1-0"]
[WhiteElo "2092"]
[BlackElo "1688"]
[PlyCount "55"]
[EventDate "2016.08.18"]
[EventType "swiss"]
[EventRounds "9"]
[EventCountry "CZE"]
[SourceTitle "CBM 174 Extra"]
[Source "ChessBase"]
[SourceDate "2016.10.10"]
[SourceVersion "1"]
[SourceVersionDate "2016.10.10"]
[SourceQuality "1"]

1. e4 d6 2. d4 Nf6 3. Nc3 Nbd7 4. Nf3 e5 5. Bc4 Be7 6. 0-0 c6 7. a4 Qc7 8. Ba2 h6 9. Nh4 g6 10. g3 Nf8 11. f4 exf4 12. Bxf4 g5 13. e5 gxf4 14. exf6 Bxf6 15. Rxf4 Bxh4 16. Bxf7+ Kd8 17. gxh4 Rh7 18. Qf3 Rg7+ 19. Kh1 Bg4 20. Qf2 Bh3 21. Rg1 Rxg1+ 22. Kxg1 Ke7 23. Bb3 Qa5 24. Rf7+ Kd8 25. Rxf8+ Kc7 26. Rxa8 Qh5 27. Rg8 a5 28. Qf6 1-0

[Event "Farum Fureso op+"]
[Site "Farum"]
[Date "2016.??.??"]
[Round "1"]
[White "Bogo, Soren"]
[Black "Stage Steffensen, Sander"]
[Result "1-0"]
[WhiteElo "2248"]
[BlackElo "1752"]
[PlyCount "73"]
[EventDate "2016.??.??"]
[EventType "swiss"]
[EventRounds "6"]
[EventCountry "DEN"]
[SourceTitle "EXT 2024"]
[Source "ChessBase"]
[SourceDate "2023.10.10"]
[SourceVersion "1"]
[SourceVersionDate "2023.10.10"]
[SourceQuality "1"]

1. d4 Nf6 2. c4 c5 3. d5 b5 4. cxb5 a6 5. f3 d6 6. e4 g6 7. a4 Bg7 8. Na3 0-0 9. Ne2 Bd7 10. Nc3 axb5 11. Bxb5 Na6 12. 0-0 Nc7 13. Bg5 h6 14. Bh4 Re8 15. Nc4 Bxb5 16. axb5 g5 17. Bf2 Rxa1 18. Qxa1 Na8 19. e5 Nh5 20. e6 fxe6 21. dxe6 Bxc3 22. bxc3 Nf4 23. Qb1 Kg7 24. Qe4 Nb6 25. Nxb6 Qxb6 26. c4 Qa5 27. g3 Nh3+ 28. Kg2 Nxf2 29. Rxf2 Qa8 30. Qg4 Rf8 31. h4 Kg6 32. Rd2 Rf5 33. h5+ Kf6 34. Qe4 Qa5 35. Re2 g4 36. fxg4 Rg5 37. Rf2+ 1-0

[Event "Koge Xtracon op"]
[Site "Koge"]
[Date "2015.10.16"]
[Round "6"]
[White "Hansen, Lars Henrik Bech"]
[Black "Stage Steffensen, Sander"]
[Result "1-0"]
[WhiteElo "1956"]
[BlackElo "1515"]
[PlyCount "101"]
[EventDate "2015.10.12"]
[EventType "swiss"]
[EventRounds "9"]
[EventCountry "DEN"]
[SourceTitle "CBM 168 Extra"]
[Source "ChessBase"]
[SourceDate "2015.10.29"]
[SourceVersion "1"]
[SourceVersionDate "2015.10.29"]
[SourceQuality "1"]

1. e4 d6 2. d4 Nf6 3. Nc3 e5 4. Bc4 Nbd7 5. Nf3 Be7 6. 0-0 h6 7. Be3 c6 8. a4 Qc7 9. Bb3 g5 10. g3 Nf8 11. Ne1 Ng6 12. a5 Rg8 13. d5 Qd7 14. a6 Qh3 15. f3 g4 16. f4 exf4 17. Bxf4 Nxf4 18. Rxf4 Nh5 19. axb7 Bxb7 20. dxc6 Bxc6 21. Bxf7+ Kd7 22. Bxg8 Nxf4 23. Bh7 h5 24. gxf4 Qe3+ 25. Kh1 g3 26. Ng2 Qf2 27. Bf5+ Kc7 28. Nd5+ Kd8 29. Qe1 Qxc2 30. Qa5+ Ke8 31. Nc7+ Kf7 32. Be6+ Kg7 33. Nxa8 Qxe4 34. Qc3+ Bf6 35. Qxg3+ Kf8 36. Re1 Qxg2+ 37. Qxg2 Bxg2+ 38. Kxg2 Bxb2 39. Rb1 Bf6 40. Rb7 Be7 41. Rxa7 h4 42. Kf3 h3 43. Kg4 d5 44. Bxd5 Bd6 45. Kxh3 Ke8 46. Kg4 Kd8 47. h4 Bc5 48. Rf7 Bd4 49. f5 Ke8 50. Nc7+ Kd8 51. Ne6+ 1-0